Retrouve la carrière du footballeur français - Statistiques

Statistiques générales
  • Ce quiz a été pris 247 fois
  • Le résultat moyen est 18 sur 30
Statistiques - réponses
carrière réponses % Correct
Je suis passé par le Stade Rennais, Dortmund, Barcelone et Paris. Qui suis je ? Ousmane Dembélé
99%
Je suis passé par l'OL avant de rejoindre le PSG en aout 2023. Qui suis je ? Bradley Barcola
92%
Je suis passé par Lyon puis Arsenal et à présent Lyon. Qui suis je ? Alexandre Lacazette
87%
Je suis passé par Lille, Stuttgart, Bayern Munchen et Inter Milan. Qui suis je ? Benjamin Pavard
83%
Je suis passé par Grenoble, Istres, Tours, Montpellier, Arsenal, Chelsea et Milan. Qui suis je? Olivier Giroud
80%
Je suis passé par Paris, Juventus et le Bayern Munchen. Qui suis je ? Kingsley Coman
79%
Je suis passé par UJA Alfortville, Toulouse, Séville et Monaco. Qui suis je ? Wissam Ben Yedder / Ben Yedder
79%
Je suis passé par Nice, Lyon, Tottenham et Los Angeles FC. Qui suis je ? Hugo Lloris
78%
Je suis passé par l'us Avranches, Quevilly Rouen, Arminia Bielefeld, Lens et Marseille. Qui suis je ? Jonathan Clauss
74%
Je suis passé par Bordeaux, Séville et Barcelone. Qui suis je ? Jules Koundé
74%
Je suis passé par Sochaux, Guingamp, Borussia Mönchengladbach, et Inter Milan. Qui suis je ? Marcus Thuram
73%
Je suis passé par Lorient, Arsenal, Hertha Berlin, Marseille et Lazio Rome. Qui suis je ? Mattéo Guendouzi
69%
Je suis passé par Amiens, Lyon, Tottenham, Lyon, Naples et Galatasaray. Qui suis je ? Tanguy Ndombélé
69%
Je suis passé par Paris, Toulouse et Juventus. Qui suis je ? Adrien Rabiot
67%
Je suis passé par Strasbourg, Lorient, Paris, Séville, Atlético Madrid, Valence et Strabourg. Qui suis je ? Kévin Gameiro
66%
Je suis passé par RB Salzburg, FC Liefering, Leipzig et Bayern Munchen. Qui suis je ? Dayot Upamecano
62%
Je suis passé par Lyon, Rome, Séville, Grenade, Clermont. Qui suis je ? Maxime Gonalons
60%
Je suis passé par Dijon, Nice, Norwich et Brest. Qui suis je ? Pierre Lees Melou / Melou
56%
Je suis passé par le Paris FC, Reims, Monaco et Chelsea. Qui suis je ? Axel Disasi
53%
Je suis passé par Lille, Strasbourg, Lyon et Rennes. Qui suis je ? Martin Terrier
49%
Je suis passé par Toulouse,Barcelone, Schalke, Benfica et Nice. Qui suis je ? Jean Clair Todibo / Todibo
48%
Je suis formé au RC Lens et je suis a présent a Rennes depuis 2017. Qui suis je ? Benjamin Bourigeaud
41%
Je suis passé par Paris, Lens et Rennes. Qui suis je ? Arnaud Kalimuendo
40%
Je suis passé par Narbonne, Martigues, Béziers, Montpellier, Grenoble et Lens. Qui suis je ? Florian Sotoca
37%
Je suis passé par Amiens, Blackburn Rovers, Stoke City, Séville, Rome, Galatasaray, Rennes, Al Rayyan et Konyaspor. Qui suis je ? Steven Nzonzi
34%
Je suis passé par Evian, Vannes, Nantes, Strasbourg et Lens. Qui suis je ? Adrien Thomasson
31%
Je suis passé par Caen, Quevilly, Valenciennes, Laval, Niort, Bordeaux et Nantes. Qui suis je ? Nicolas Pallois
29%
Je suis passé par Bastia, Valenciennes, Bastia, Ajaccio et Lens. Qui suis je ? Jean Louis Leca / Leca
28%
Je suis passé par Rennes, Bale et Lens. Qui suis je ? Andy Diouf
23%
Je suis passé par Lorient, Nice, Lens et Nice. Qui suis je ? Alexis Claude Maurice / Maurice
14%
Aucun quiz correspondant
Distribution des résultats
% des personnes avec chaque résultat
Percentile par nombre de réponses
Votre historique - résultats
Vous n’avez pas pris ce quiz